000 00336nam a2200121Ia 4500
008 241028s9999 xx 000 0 und d
041 _aeng
082 _a658.408 MAS
100 _aJamie Mason
245 _aPrinciples And Practice Of Sustainable Business Models
260 _bNy Research Press
_aNew York
_c2023
300 _a237;. P. 28 cm
999 _c42777
_d42777